| 000 | 00597nam a22002057a 4500 | ||
|---|---|---|---|
| 003 | OSt | ||
| 005 | 20220812152607.0 | ||
| 008 | 220812b |||||||| |||| 00| 0 eng d | ||
| 020 | _a0131968696 | ||
| 040 | _cIFM Library | ||
| 082 | _a519.5 | ||
| 100 |
_aBerenson, M. L _94828 |
||
| 245 | _aBasic Business Statistics: Concepts and Applications | ||
| 250 | _a10th ed. | ||
| 260 |
_aTokyo: _bPearson education international, _c2006 |
||
| 300 | _axxx,;898p. ill.; charts, graphs and tables, . | ||
| 500 | _aIncludes Index | ||
| 700 |
_aDavid, M. L and Timothy, C. K _94829 |
||
| 942 |
_cBK _2ddc _n0 |
||
| 999 |
_c20169 _d20169 |
||